=LDR 00000nam 2200000 4500 =001 INLIS000000000050211 =005 20170425011236 =035 ##$$a 0010-0417000026 =007 ta =008 170425###########################0###### =020 ##$$a 978 - 979 - 665 - 558 - 7 =082 ##$$a 500 =084 ##$$a 500 PRE b =100 #$$a Press, Hans Jurgen =245 1#$$a Bergembira dengan sains /$c Hans Jurgen Press =250 ##$$a Cet.1 =260 ##$$a Bandung :$b Titian Ilmu,$c 2016 =300 ##$$a x,270 hlm : $b Ilus ; $c 25 cm. =650 ##$$a Sains, Pengetahuan Alam =990 ##$$a 73057305 =990 ##$$a 73057305 =990 ##$$a 31701229 =990 ##$$a 02201707305 =990 ##$$a 31701230 =990 ##$$a 31701229